Ganadores Grandes Vueltas Ciclistas (masculino) - Estadísticas

Estadísticas generales
  • Esta prueba ha sido intentada 248 veces
  • La puntuación promedio es 33 de 51
Estadísticas de respuestas
Año Ciclista Gran Vuelta % Correcto
2008 Contador Giro de Italia
97%
2015 Contador Giro de Italia
97%
2007 Contador Tour de Francia
97%
2009 Contador Tour de Francia
97%
2008 Contador Vuelta a España
97%
2012 Contador Vuelta a España
97%
2014 Contador Vuelta a España
97%
2020 Pogacar Tour de Francia
97%
2021 Pogacar Tour de Francia
97%
2018 Froome Giro de Italia
87%
2013 Froome Tour de Francia
87%
2015 Froome Tour de Francia
87%
2016 Froome Tour de Francia
87%
2017 Froome Tour de Francia
87%
2011 Froome Vuelta a España
87%
2017 Froome Vuelta a España
87%
2019 Roglic Vuelta a España
87%
2020 Roglic Vuelta a España
87%
2021 Roglic Vuelta a España
87%
2022 Vingegaard Tour de Francia
77%
2009 Valverde Vuelta a España
76%
2013 Nibali Giro de Italia
74%
2016 Nibali Giro de Italia
74%
2014 Nibali Tour de Francia
74%
2010 Nibali Vuelta a España
74%
2021 Bernal Giro de Italia
73%
2019 Bernal Tour de Francia
73%
2014 Quintana Giro de Italia
72%
2016 Quintana Vuelta a España
72%
2022 Evenepoel Vuelta a España
65%
2018 Thomas Tour de Francia
61%
2019 Carapaz Giro de Italia
58%
2012 Wiggins Tour de Francia
52%
2018 Yates Vuelta a España
51%
2015 Aru Vuelta a España
46%
2011 Evans Tour de Francia
46%
2022 Hindley Giro de Italia
46%
2010 Schleck Tour de Francia
46%
2008 Sastre Tour de Francia
44%
2006 Pereiro Tour de Francia
43%
2020 Geoghegan Hart Giro de Italia
40%
2017 Dumoulin Giro de Italia
35%
2013 Horner Vuelta a España
33%
2006 Basso Giro de Italia
27%
2010 Basso Giro de Italia
27%
2012 Hesjedal Giro de Italia
21%
2011 Scarponi Giro de Italia
18%
2009 Menchov Giro de Italia
17%
2007 Menchov Vuelta a España
17%
2006 Vinokourov Vuelta a España
10%
2007 Di Luca Giro de Italia
9%
No se encontraron pruebas coincidentes
Distribución de puntuación
Porcentaje de gente con cada puntuación
Porcentaje por número respondido
Historial de tus puntuaciones
No has intentado esta prueba.